000 00931nam a22002657a 4500
001 33374
003 UA-OsUOA
005 20210903113245.0
007 ta
008 20050825b un ||||| |||| 00| 0 ukr d
020 _a9667445135
040 _aUA-OsUOA
_bukr
_cUA-OsUOA
_dUA-OsUOA
041 _aukr
080 _a340.12(091)(075.8)
090 _a340.12(091)(075.8)
_bТ47
100 _aТищик Б. Є.
245 _aІсторія держави і права країн Стародавнього світу
_bнавчальний посібник у двох томах
260 _aЛьвів
_bСполом
_c1999
300 _a188 с.
505 _gТ. 1
650 7 _a340 Право в цілому. Пропедевтика. Методи та допоміжні правничі науки
_2UDC
942 _cBK
_2udc
955 _a2
999 _c292512
_d292512